Top Player By WAR Per Position 2025 - Statistics

General Stats
  • This quiz has been taken 6 times
  • The average score is 14 of 19
Answer Stats
Hint Answer % Correct
RF (Yankees) Aaron Judge (9.7)
100%
SS (Royals) Bobby Witt Jr (7.1)
100%
C (Mariners) Cal Raleigh (7.3)
100%
CF (Mariners) Julio Rodriguez (6.8)
100%
SP #2 (Pirates) Paul Skenes (7.6)
100%
DH (Dodgers) Shohei Ohtani (6.6)
100%
SP #4 (Red Sox) Garrett Crochet (6.3)
83%
3B (Guardians) Jose Ramirez (5.8)
83%
1B (Braves) Matt Olson (6.1)
83%
SP #3 (Tigers) Tarik Skubal (6.6)
83%
SP #1 (Phillies) Cristopher Sanchez (8.0)
67%
RP/CP #3 (Mets) Edwin Diaz (3.0)
67%
2B (Cubs) Nico Hoerner (6.1)
67%
RP/CP #1 (Red Sox) Aroldis Chapman (3.5)
50%
SP #5 (Astros) Hunter Brown (6.1)
50%
RP/CP #2 (Phillies) Jhoan Duran (3.2)
50%
LF (Rangers) Wyatt Langford (5.6)
50%
RP/CP #4 (Rockies) Jimmy Herget (3.0)
17%
RP/CP #5 (Reds) Tony Santillan (3.0)
17%
No matching quizzes found
Score Distribution
Percent of People with Each Score
Percentile by Number Answered
Your Score History
You have not taken this quiz